Schnelle Mathematik - Zahlen im Hexadezimalsystem Level 17 - Statistiken

Allgemein
  • Dieses Quiz wurde 25 mal gespielt
  • Das Durchschnittsergebnis liegt bei 21 aus 60
Antwortstatistiken
Nummer % Korrekt
30
100%
31
100%
32
100%
33
100%
34
100%
35
100%
36
100%
37
100%
38
100%
39
100%
3A
100%
3B
100%
3C
100%
20
50%
21
50%
22
50%
23
50%
24
50%
25
50%
26
50%
27
50%
28
50%
29
50%
2A
50%
2B
50%
2C
50%
2D
50%
2E
50%
2F
50%
1
0%
10
0%
11
0%
12
0%
13
0%
14
0%
15
0%
16
0%
17
0%
18
0%
19
0%
1A
0%
1B
0%
1C
0%
1D
0%
1E
0%
1F
0%
2
0%
3
0%
4
0%
5
0%
6
0%
7
0%
8
0%
9
0%
A
0%
B
0%
C
0%
D
0%
E
0%
F
0%
Keine übereinstimmenden Quizze gefunden
Verteilung der Resultate
Anzahl Personen mit jedem Resultat
Perzentil nach korrekt beantworteten Fragen
Ihre Resultats-Entwicklung
Sie haben dieses Quiz noch nicht gespielt